000 00460ntaaa2200181 4500
003 01
005 20251027202018.0
008 0714s1973 ag 01
040 _aAR-BaBN
_bspa
_cAR-BaBN
_eaacr
_dRIC
082 _a261.7000 G76
100 _aGrant, Daniel R.
_918749
245 _aThe Christian and politics
250 _a1 ed.
260 _aNashville :
_bBroadman Press,
_cc1968
300 _a127 p.
650 _aPolĂ­tica y Cristianismo
_913257
942 _cBK
999 _c14882
_d14882